000 00620nam a2200193Ia 4500
008 230921s9999||||xx |||||||||||||| ||und||
020 _a978-3-030-10895-3
022 _a2197-585X
041 _aEN
100 _aTian-kui Jing, Stein Kuhnle, Yi Pan, Sheying Chen
245 0 _aAging Welfare and Social Policy
250 _a1st ed. 2019
260 _c2019
_bSpringer International Publishing
300 _b20
440 _aInternational Perspectives on Aging
856 _uhttps://doi.org/10.1007/978-3-030-10895-3
856 _uhttps://link.springer.com/openurl?genre=book&isbn=978-3-030-10895-3
942 _cEB
999 _c258844
_d258844